00585nam a2200205Ia 450000500170000000800410001702000280005804000190008604100120010508200150011710000220013224500700015426000320022430000100025644000210026650400400028765000180032770000240034585000100036920230228152516.0140110s9999 xx 000 0 und d a978140432190cRs.599.00 aLoreto College aEnglish a822.3bMID aMiddleton, Thomas aFive PlayscThomas Middleton,edited by Bryan Loughrey,Neil Taylor aLondonbPenguin booksc2006 a421p. aPenguin classics aIncludes bibliographical references aEnglish drama aLoughrey, Bryan,ed. aLCLIB